Estrategias de investigación cualitativa

Uloženo v:
Podrobná bibliografie
Hlavní autor: Vasilachis de Gialdino, Irene (Autor)
Médium: Kniha
Jazyk:španělština
Vydáno: Barcelona Gedisa 2006
Vydání:1a. ed
Edice:Biblioteca de Educación. Herramientas Universitarias
Témata:
Tagy: Přidat tag
Žádné tagy, Buďte první, kdo vytvoří štítek k tomuto záznamu!

MARC

LEADER 00000cam a2200000 a 4500
001 UCI2437
003 CL-VaPUC
008 070824e20060000SP |||||||||||||||||spa|d
020 |a 8497841735 
082 0 4 |a 300.72  |b VAS  |2 21 
100 0 |a Vasilachis de Gialdino, Irene  |e author  |9 523477 
245 1 0 |a Estrategias de investigación cualitativa 
250 |a 1a. ed 
300 |a 277 p 
942 |c BK 
945 |d 20070824 00:00:00  |a rbrito 
260 |a Barcelona  |b Gedisa  |c 2006 
650 0 |a Ciencias sociales  |v Investigación  |9 307767 
650 0 |a Etnografía   |9 309735 
650 7 |a SOCIOGRAFIA  |2 CL-VaPUC  |9 427011 
583 |a last modification  |c 20121016 01:24:42  |k Rodrigo Vera 
490 0 |a Biblioteca de Educación. Herramientas Universitarias 
999 |c 327011  |d 327009 
952 |0 0  |1 0  |4 0  |6 300_720000000000000_VAS_2006  |7 0  |8 A  |9 409349  |a BIBEDU  |b BIBEDU  |d 2019-11-22  |i 4366433  |o 300.72 VAS 2006  |p 4366433  |r 2019-11-22  |w 2019-11-22  |y BK  |k EPE 
952 |0 0  |1 0  |4 0  |6 300_720000000000000_VAS_2006  |7 0  |8 A  |9 409350  |a BIBEDU  |b BIBEDU  |d 2019-11-22  |i 4459679  |o 300.72 VAS 2006  |p 4459679  |r 2019-11-22  |w 2019-11-22  |y BK  |k EBA 
952 |0 0  |1 0  |4 0  |6 300_720000000000000_VAS_2006  |7 0  |8 X  |9 409351  |a FDOMLP  |b FDOMLP  |d 2019-11-22  |i 4460235  |o 300.72 VAS 2006  |p 4460235  |r 2019-11-22  |w 2019-11-22  |y BK_X  |k BU2 
952 |0 0  |1 0  |4 0  |6 300_720000000000000_VAS_2006  |7 0  |8 A  |9 409352  |a BIBCUR  |b BIBCUR  |d 2019-11-22  |i 4460243  |o 300.72 VAS 2006  |p 4460243  |r 2025-04-22  |w 2019-11-22  |y BK  |k PER 
952 |0 0  |1 0  |4 0  |6 300_720000000000000_VAS_2006  |7 0  |8 A  |9 409353  |a BIBEDU  |b BIBEDU  |d 2019-11-22  |i 4460251  |l 1  |o 300.72 VAS 2006  |p 4460251  |r 2020-06-01  |s 2020-05-04  |w 2019-11-22  |y BK  |k EDU 
952 |0 0  |1 0  |4 0  |6 300_720000000000000_VAS_2006  |7 0  |8 A  |9 409354  |a BIBEDU  |b BIBEDU  |d 2019-11-22  |i 4556313  |o 300.72 VAS 2006  |p 4556313  |r 2019-11-22  |w 2019-11-22  |y BK  |k EDU 
952 |0 0  |1 0  |4 0  |6 300_720000000000000_VAS_2006  |7 0  |8 X  |9 409355  |a FDOMLP  |b FDOMLP  |d 2019-11-22  |i 4567323  |o 300.72 VAS 2006  |p 4567323  |r 2019-11-22  |w 2019-11-22  |y BK_X  |k BU2 
952 |0 0  |1 0  |4 0  |6 300_720000000000000_VAS_2006  |7 0  |8 A  |9 409356  |a BIBEDU  |b BIBEDU  |d 2019-11-22  |i 4614127  |o 300.72 VAS 2006  |p 4614127  |r 2019-11-22  |w 2019-11-22  |y BK  |k EFI 
952 |0 0  |1 0  |4 0  |6 300_720000000000000_VAS_2006  |7 0  |8 A  |9 409357  |a BIBEDU  |b BIBEDU  |d 2019-11-22  |i 4618890  |o 300.72 VAS 2006  |p 4618890  |r 2019-11-22  |w 2019-11-22  |y BK  |k LIT 
952 |0 0  |1 0  |4 0  |6 300_720000000000000_VAS_2006  |7 0  |8 R  |9 409358  |a BIBGIM  |b BIBGIM  |d 2019-11-22  |i 4659147  |o 300.72 VAS 2006  |p 4659147  |r 2025-01-15  |w 2019-11-22  |y BK_R  |k SSL 
952 |0 0  |1 0  |4 0  |6 300_720000000000000_VAS_2006  |7 0  |8 ED_SUP  |9 409359  |a BIBGIM  |b BIBGIM  |c S_PSTGRDO  |d 2019-11-22  |i 4777468  |o 300.72 VAS 2006  |p 4777468  |r 2025-01-15  |w 2019-11-22  |y BK  |k ESU 
952 |0 0  |1 0  |4 0  |6 300_720000000000000_VAS_2006  |7 0  |8 A  |9 409360  |a FDOPOS  |b FDOPOS  |d 2019-11-22  |i 4871723  |o 300.72 VAS 2006  |p 4871723  |r 2025-01-22  |w 2019-11-22  |y BK  |k DLA 
952 |0 0  |1 0  |4 0  |6 300_720000000000000_VAS_2006  |7 0  |8 A  |9 409361  |a BIBEDU  |b BIBEDU  |d 2019-11-22  |i 4916433  |o 300.72 VAS 2006  |p 4916433  |r 2019-11-22  |w 2019-11-22  |y BK  |k EPE